Particulars and conditions of sale of three capital freehold houses...situate nos. 35, 36 and 38 Tufton St., Westminster...which will be sold by auction by Mr Geo Robins at the Auction Mart, London on Thursday the 9th of July 1840 at twelve o'clock, in three lots (Record no. 116637)

MARC details
000 -LEADER
fixed length control field 00820cam a22002055a 4500
001 - CONTROL NUMBER
control field L141166
008 - FIXED-LENGTH DATA ELEMENTS--GENERAL INFORMATION
fixed length control field 071031s1840 xxk eng u
035 ## - SYSTEM CONTROL NUMBER
System control number (Sirsi) u141166
041 0# - LANGUAGE CODE
Language code of text/sound track or separate title eng
100 1# - MAIN ENTRY--PERSONAL NAME
Personal name Robins, George Henry
Dates associated with a name 1778-1847
245 00 - TITLE STATEMENT
Title Particulars and conditions of sale of three capital freehold houses...situate nos. 35, 36 and 38 Tufton St., Westminster...which will be sold by auction by Mr Geo Robins at the Auction Mart, London on Thursday the 9th of July 1840 at twelve o'clock, in three lots
260 ## - PUBLICATION, DISTRIBUTION, ETC.
Place of publication, distribution, etc. S.l.
Name of publisher, distributor, etc. s.n.
Date of publication, distribution, etc. [1840]
300 ## - PHYSICAL DESCRIPTION
Extent 1 sheet
Dimensions 38 x 25 cm.
340 ## - PHYSICAL MEDIUM
Material base and configuration Printed
351 ## - ORGANIZATION AND ARRANGEMENT OF MATERIALS
Hierarchical level Single item
500 ## - GENERAL NOTE
General note Item annotated in pencil and pen.
651 4# - SUBJECT ADDED ENTRY--GEOGRAPHIC NAME
Geographic name London
690 ## - LOCAL SUBJECT ADDED ENTRY--TOPICAL TERM (OCLC, RLIN)
Topical term or geographic name as entry element PROPERTY-PROPERTY ACQUISITION AND DISPOSAL-ACQUISITION AND DISPOSAL AT AUCTION
942 ## - ADDED ENTRY ELEMENTS (KOHA)
Suppress in OPAC 0
Holdings
Withdrawn status Lost status Source of classification or shelving scheme Damaged status Not for loan Home library Current library Shelving location Date acquired Total Checkouts Full call number Barcode Date last seen Copy number Price effective from Koha item type
    Dewey Decimal Classification     London London Basement 31/10/2007   BASEMENT BOX 5 141166-1001 06/08/2019 1 06/08/2019 Archive